ميزان الإعتدال في رؤية الهلال : دراسة فقهية عصرية / (رقم التسجيلة. 96391)

تفاصيل مارك
000 -الفاتح
عناصر البيانات ثابتة الطول 00723cam a2200193 i 4500
005 - تاريخ ووقت آخر معاملة
حقل ضبط 20251210102550.0
008 - عناصر البيانات ثابتة الطول
عناصر البيانات ثابتة الطول 250721s9999 ua gr 000 0 ara d
082 14 - رقم تصنيف ديوي العشري
رقم التصنيف 216.23
رقم المادة ف ق ى
100 12 - مدخل رئيسي – اسم شخصي
الاسم الشخصي الفقي، رجائي السيد
علاقة الشخص بالعمل/ دوره مؤلف.
245 10 - بيان العنوان
العنوان ميزان الإعتدال في رؤية الهلال : دراسة فقهية عصرية /
بيان المسؤولية الدكتور رجائي سيد احمد العطافي الفقى
264 31 - بيانات النشر، التوزيع…إلخ
مكان النشر، التوزيع...إلخ القاهرة :
اسم الناشر، الموزع...إلخ دار الجامعة الجديدة،
تاريخ النشر، التوزيع...إلخ 2005
300 ## - الوصف المادي
عدد الوحدات المكونة للوعاء 159صفحه.
490 0# - بيان السلسلة
عنوان السلسلة المكتبة الشرعية.
650 17 - مدخل إضافي بالموضوع - مصطلح موضوعي
مصطلح موضوعي أو اسم جغرافي كعنصر مدخل الفقه الإسلامي
650 17 - مدخل إضافي بالموضوع - مصطلح موضوعي
مصطلح موضوعي أو اسم جغرافي كعنصر مدخل رمضان.
650 17 - مدخل إضافي بالموضوع - مصطلح موضوعي
مصطلح موضوعي أو اسم جغرافي كعنصر مدخل الصوم.
942 ## - بيانات إضافية (كوها)
نوع التنصيف Dewey Decimal Classification
نوع المادة (كوها) كتب
المقتنيات
حالة السحب حالة الفقدان مصدر التصنيف حالة التلف غير قابل للإعارة المكتبة الرئيسية المكتبة الحالية موقع الرف تاريخ التزويد الرقم المتسلسل Total Checkouts رقم الإستدعاء الباركود تاريخ آخر ظهور تاريخ الفاتورة نوع المادة (كوها)
    Dewey Decimal Classification     المكتبة المركزية المكتبة المركزية الإعارة 28/07/2025 856340   216.23 / ف ق ي 856340 28/07/2025 28/07/2025 كتب
Implemented & Customized by: BBB with SCIT (Smart Chains for Information Technology)

Powered by Koha